LDR 00492naa#a2200157#i#450# 001 EN\\bibl\121817 005 20260606165105.6 011 ## _a2500-1795 100 ## _a20260525b2026####ek#y0engy0150####ca 102 ## _aRU 200 1# _aSEPARATE ATTACHMENT DEFINITIONS - ADJECTIVES IN THE LEXICOGRAPHICAL ASPECT _eJournal article 210 1# _aNizhnevartovsk _cNizhnevartovsk State University _d2026 215 ## _a14 с. 608 ## _aJournal article _2local 700 #1 _aSanjyarova _gNailya S. 856 4# _avestnik.nvsu.ru _u